| 000 | 01105nac a22003017a 4500 | ||
|---|---|---|---|
| 001 | BR5100051 | ||
| 003 | BR-BrBNA | ||
| 005 | 20240105112857.0 | ||
| 008 | 230509b bl.|||m| |||| 00| 0 por d | ||
| 040 |
_aBR-BrBNA _bpor _cBiblioteca Nacional de Agricultura |
||
| 072 | _aE15; E50; C00 | ||
| 090 | _aE15 BR5100051 | ||
| 100 | 1 | _aOrtiz, N. | |
| 110 | 1 |
_aSecretaria de Estado dos Negocios da Agricultura de Sao Paulo, Sao Paulo (Brasil). Depto. de Assistencia ao Cooperativismo _98939 |
|
| 245 | 1 | _aRealizacoes cooperativas, 5 [Cooperativa de consumo; Rio Grande do Sul; Brasil] | |
| 260 | 3 |
_aSao Paulo, SP (Brasil): _cAug 1951. |
|
| 300 | _a13 p. | ||
| 490 |
_aPublicacao - Secretaria de Estado dos Negocios da Agricultura de Sao Paulo. Depto. de Assistencia ao Cooperativismo (Brazil) _vno. 189 _x |
||
| 650 | _aMicroeconomia | ||
| 650 | _aSociologia rural | ||
| 650 | _aEducacao | ||
| 650 | _aCooperativa | ||
| 650 | _aCooperativa de consumo | ||
| 650 | _aAssistencia social | ||
| 650 | _aRio Grande do Sul | ||
| 909 |
_a202312 _bLúcia Elande _c55 _dLúcia Elande |
||
| 942 |
_2AGRIS _n0 _cMS |
||
| 999 |
_c260728 _d260728 |
||